Detalles MARC
| 000 -LÍDER |
| Campo fijo de descripción fija |
01230cam a2200361 i 4500 |
| 001 - NÚMERO DE CONTROL |
| Campo de control |
50604216 |
| 003 - IDENTIFICADOR DEL NÚMERO DE CONTROL |
| Campo de control |
OCoLC |
| 005 - FECHA Y HORA DE LA ULTIMA TRANSACCIÓN |
| control field |
20240925081522.0 |
| 008 - ELEMENTOS DE LONGITUD FIJA -- INFORMACIÓN GENERAL |
| Campo fijo de descripción fija -- Información general |
020910s2002 sp g b 001 0 spa d |
| 020 ## - NÚMERO INTERNACIONAL NORMALIZADO PARA LIBROS |
| Número Internacional Normalizado del libro |
8481695807 |
| 020 ## - NÚMERO INTERNACIONAL NORMALIZADO PARA LIBROS |
| Número Internacional Normalizado del libro |
9788481695809 |
| 040 ## - FUENTE DE CATALOGACIÓN |
| Agencia de catalogación original |
PL# |
| Idioma de catalogación |
spa |
| Convenciones de la descripción |
rda |
| Agencia que realiza la transcripción |
CO-MdFUSB |
| Agencia que realiza la modificación |
NYP |
| -- |
MBB |
| -- |
OCLCQ |
| -- |
I5B |
| -- |
OCLCQ |
| -- |
OCLCO |
| -- |
CAP |
| 041 ## - CÓDIGO DE IDIOMA |
| Código de idioma para texto/pista de sonido o título separado |
spa |
| 082 ## - NÚMERO DE CLASIFICACIÓN DECIMAL DEWEY |
| Número de la edición del Dewey |
24 |
| Número de clasificación |
R 296.14 |
| Clave de autor-Numero de item |
P9449 |
| 100 1# - ASIENTO PRINCIPAL--NOMBRE PERSONAL |
| Nombre personal |
Martin Contreras, Elvira. |
| Término relacionador |
autor |
| 245 13 - TÍTULO |
| Título del Material |
La interpretación de la creación |
| Parte restante del título - Subtitulo |
: técnicas exegéticas en Génesis Rabbah |
| Mención de responsabilidad, etc. |
/ Elvira Martin Contreras |
| 264 #1 - PRODUCCIÓN, PUBLICACIÓN, DISTRIBUCIÓN, MANUFACTURA, Y COPYRIGHT |
| Lugar de producción, publicación, distribución, manufactura |
Estella, Navarra : |
| Nombre del productor, publicador, distribuidor |
Editorial Verbo Divino, |
| Fecha de producción, publicación, distribución, manufactura, o copyright |
[2002] |
| 264 #4 - PRODUCCIÓN, PUBLICACIÓN, DISTRIBUCIÓN, MANUFACTURA, Y COPYRIGHT |
| Fecha de producción, publicación, distribución, manufactura, o copyright |
©2002 |
| 300 ## - DESCRIPCIÓN FÍSICA |
| Extensión |
244 páginas ; |
| Dimensiones |
24 cm. |
| 336 ## - TIPO DE CONTENIDO |
| Fuente |
rdacontent. |
| Término de tipo de contenido |
texto |
| Código de tipo de contenido |
txt |
| 337 ## - TIPO DE MEDIO |
| Fuente |
rdamedia. |
| Nombre del tipo de medio |
sin mediación |
| Código del tipo de medio |
n |
| 338 ## - TIPO DE SOPORTE |
| Fuente |
rdacarrier. |
| Nombre del tipo de soporte |
volumen |
| Código Tipo de soporte |
nc |
| 490 1# - MENCIÓN DE SERIE |
| Mención de serie |
Biblioteca midrasica ; |
| 501 ## - NOTA DE “CON” |
| Nota de Contenido |
Incluye índices (páginas 227- 244) |
| 504 ## - NOTA DE BIBLIOGRAFÍA, ETC. |
| Nota de bibliografía, etc |
Bibliografía (páginas 213- 224) |
| 505 ## - NOTA DE CONTENIDO |
| Nota de contenido con formato preestablecido |
Reglas exegéticas -- Reglas comparativas -- Comentarios textuales -- Conclusiones Generales |
| 653 ## - TÉRMINO DE INDIZACIÓN - NO CONTROLADO |
| Término no controlado |
Genesis |
| 653 ## - TÉRMINO DE INDIZACIÓN - NO CONTROLADO |
| Término no controlado |
Exegesis |
| 830 #0 - PUNTO DE ACCESO ADICIONAL DE SERIE - TÍTULO UNIFORME |
| Título uniforme |
Biblioteca midrasica ; |
| Designación de volumen o secuencia |
24. |
| 942 ## - TIPO DE MATERIAL (KOHA) |
| Tipo de Item KOHA |
Libros General |
| 945 ## - INFORMACIÓN LOCAL DEL REGISTRO |
| Catalogador |
Estudiante |